| 000 -LEADER |
| fixed length control field |
01026nam a2200277 u 4500 |
| 001 - CONTROL NUMBER |
| control field |
000530423 |
| 003 - CONTROL NUMBER IDENTIFIER |
| control field |
AM-YeNLA |
| 005 - DATE AND TIME OF LATEST TRANSACTION |
| control field |
20221012031335.0 |
| 008 - FIXED-LENGTH DATA ELEMENTS--GENERAL INFORMATION |
| fixed length control field |
070409s1935 ai |||||r|||||000|0|arm|d |
| 040 ## - CATALOGING SOURCE |
| Original cataloging agency |
AM-YeNLA |
| Language of cataloging |
arm |
| Transcribing agency |
AM-YeNLA |
| 041 0# - LANGUAGE CODE |
| Language code of text/sound track or separate title |
arm |
| 245 00 - TITLE STATEMENT |
| Title |
Հոգեբանություն : |
| Number of part/section of a work |
Առաջադրություն N 2 / |
| Statement of responsibility, etc. |
Կազմեց՝ Մ. Մազմանյան; ՀՍԽՀ հեռակա մանկավարժական ինստիտուտ. |
| 260 ## - PUBLICATION, DISTRIBUTION, ETC. (IMPRINT) |
| Place of publication, distribution, etc. |
Վաղարշապատ : |
| Name of publisher, distributor, etc. |
Տպ. Շրջգործկոմի Վաղարշապատում, |
| Date of publication, distribution, etc. |
1935. |
| 300 ## - PHYSICAL DESCRIPTION |
| Extent |
36 էջ ; |
| Dimensions |
20 սմ. |
| 500 ## - GENERAL NOTE |
| General note |
Շարվածքը՝ 16,5X11,5 սմ: |
| 500 ## - GENERAL NOTE |
| General note |
Առանց շապկի: |
| 500 ## - GENERAL NOTE |
| General note |
ՀԱԳ: |
| 650 14 - SUBJECT ADDED ENTRY--TOPICAL TERM |
| Topical term or geographic name as entry element |
Հոգեբանություն |
| 9 (RLIN) |
191 |
| 651 #0 - SUBJECT ADDED ENTRY--GEOGRAPHIC NAME |
| Geographic name |
Էջմիածին |
| 9 (RLIN) |
36567 |
| 651 #4 - SUBJECT ADDED ENTRY--GEOGRAPHIC NAME |
| Geographic name |
Հայաստան |
| 9 (RLIN) |
39596 |
| 653 ## - INDEX TERM--UNCONTROLLED |
| Uncontrolled term |
ՀԱԳ |
| 700 1# - ADDED ENTRY--PERSONAL NAME |
| Personal name |
Մազմանյան, Մ. |
| Relator term |
կազմ. |
| Relator code |
com |
| 9 (RLIN) |
41011 |
| 710 2# - ADDED ENTRY--CORPORATE NAME |
| Corporate name or jurisdiction name as entry element |
Հեռակա մանկավարժական ինստիտուտ ՀՍԽՀ |
| 942 ## - ADDED ENTRY ELEMENTS (KOHA) |
| Koha item type |
Books |
| Source of classification or shelving scheme |
|
| 998 ## - LOCAL CONTROL INFORMATION (RLIN) |
| Cataloger's initials, CIN (RLIN) |
MM |